000
00290nam a22001337a 4500
008
181023b xxu||||| |||| 00| 0 eng d
020
_a
9781457642326
041
_a
eng
080
_a
370
100
_a
47
101
_a
MAT
245
_a
APocket Style MANUAL
_c
dIANA.H
942
_2
udc
_c
BK
999
_c
50763
_d
50763